| 000 | 01021cam a22002894a 4500 | ||
|---|---|---|---|
| 999 |
_c2039 _d2039 |
||
| 001 | 1684583 | ||
| 003 | GZU | ||
| 005 | 20201027084950.0 | ||
| 008 | 990223s2000 njua b 001 0 eng | ||
| 010 | _a 99014464 | ||
| 020 | _a0865436525 | ||
| 020 | _a0865436533 (pbk.) | ||
| 040 |
_aDLC _cDLC _dDLC |
||
| 042 | _apcc | ||
| 043 | _af------ | ||
| 050 | 0 | 0 |
_aHC800 _b.ALE 2000 |
| 100 | 1 |
_aAlemayehu, Makonnen. _eauthor |
|
| 245 | 1 | 0 |
_aIndustrializing Africa : _bdevelopment options and challenges for the 21st century / _cMakonnen Alemayehu. |
| 260 |
_aTrenton, NJ : _bAfrica World Press, _c2000. |
||
| 300 |
_axvi, 521 p. : _bill., maps ; _c24 cm. |
||
| 504 | _aIncludes bibliographical references and index. | ||
| 650 | 0 |
_aIndustrialization _zAfrica. |
|
| 906 |
_a7 _bcbc _corignew _d1 _eocip _f19 _gy-gencatlg |
||
| 942 |
_2lcc _cBK _h800 _iALE _kHC |
||